000 00768cam a2200217 i 4500
001 83754
003 BD-RjUL
005 20240515142626.0
008 190311s2019 ii a b 101 0 eng d
035 _a(BD-RjUL) 83754
040 _aDKAGE
_beng
_cDKAGE
_dOCLCF
041 _aurd
082 0 4 _a915.491
_223
_bAHP 1950
100 _aاحمد، قاضی سعید الدین ;; Ahmed, Qazi Saeiduddin
_913029
245 1 0 _a /پاکستان اور دنیا ;; Pakistan aur dunya /
_cقاضی سعید الدین احمد ;; Qazi Saeiduddin Ahmed
264 1 _aNewIraq :
_bSalur bardat
_c1950
300 _a320 pages :
_billustrations (black and white) ;
_c24 cm
650 0 _aTravels
_zPakistan and world
_913028
942 _2ddc
_cBK
999 _c83754
_d83754